| 000 | 02489uam a2200493 i 4500 | ||
|---|---|---|---|
| 999 |
_c695 _d695 |
||
| 001 | 9781292081076 | ||
| 003 | CaSebORM | ||
| 005 | 20210616144054.0 | ||
| 006 | m o d | ||
| 007 | cr cn | ||
| 008 | 190115s2015 xx eo 0 eng d | ||
| 020 | _a9781292081076 | ||
| 024 | 8 | _a9781292081076 | |
| 035 | _a(CaSebORM)9781292081076 | ||
| 040 | _cALUPE UNIVERSITY | ||
| 050 |
_aP94.7 _b.H27 2015 |
||
| 100 | 1 |
_aHasson, Gill, _eauthor. |
|
| 245 | 1 | 0 |
_aBrilliant Communication Skills, revised 1st edition / _cHasson, Gill. |
| 250 | _a1st edition | ||
| 264 | 1 |
_a[Place of publication not identified] : _bPearson Business, _c2015. |
|
| 300 | _a1 online resource (192 pages) | ||
| 336 |
_atext _btxt _2rdacontent |
||
| 337 |
_acomputer _bc _2rdamedia |
||
| 338 |
_aonline resource _bcr _2rdacarrier |
||
| 347 | _atext file | ||
| 365 | _b12.74 | ||
| 490 | 1 | _aBrilliant | |
| 520 | _aWhat does it take to be a successful communicator? Just about every job requires excellent communication skills. To get ahead at work you need to be able to express yourself clearly and understand the feelings, needs and intentions of others. So how can you make sure other people understand you and that you respond appropriately to other people? Whether it's giving a presentation, getting your point across in a meeting, or understanding the effects of body language, the proven tips and techniques provided in this book will get you communicating more effectively and successfully in no time! Explain yourself clearly, and get your point across easily Know what to say to help others open up to you Feel confident about communicating with a wide range of people | ||
| 533 |
_aElectronic reproduction. _bBoston, MA : _cSafari, _nAvailable via World Wide Web. _d2014. |
||
| 538 | _aMode of access: World Wide Web. | ||
| 542 |
_fCopyright © Pearson 2014 _g2014 |
||
| 550 | _aMade available through: Safari, an O'Reilly Media Company. | ||
| 588 | 0 | _aOnline resource; Title from title page (viewed January 20, 2015) | |
| 650 | 0 | _aBusiness communication. | |
| 650 | 0 | _aCommunication. | |
| 653 | _aCommunications | ||
| 655 | 7 |
_aElectronic books. _2local |
|
| 710 | 2 |
_aO'Reilly for Higher Education (Firm), _edistributor. |
|
| 710 | 2 | _aSafari, an O'Reilly Media Company. | |
| 830 | 0 | _aBrilliant. | |
| 856 | 4 | 0 |
_zAccess online _uhttps://ezproxy.torontopubliclibrary.ca/login?url=https://learning.oreilly.com/library/view/-/9781292081076/ |
| 902 | _aeBook | ||
| 942 |
_2lcc _cBK |
||